Membebaskan minda yang terjajah : (Record no. 3402)

000 -LEADER
fixed length control field nam a22 a 4500
003 - CONTROL NUMBER IDENTIFIER
control field AKMAL
005 - DATE AND TIME OF LATEST TRANSACTION
control field 20170522152323.0
008 - FIXED-LENGTH DATA ELEMENTS--GENERAL INFORMATION
fixed length control field 170522s2000 my 00 may d
020 ## - INTERNATIONAL STANDARD BOOK NUMBER
International Standard Book Number 9679787176 (kkt. ):
Terms of availability RM 19.90
040 ## - CATALOGING SOURCE
Original cataloging agency AKMAL
082 04 - DEWEY DECIMAL CLASSIFICATION NUMBER
Classification number 658.406 TAN
Edition number 21
090 00 - LOCALLY ASSIGNED LC-TYPE CALL NUMBER (OCLC); LOCAL CALL NUMBER (RLIN)
Classification number (OCLC) (R) ; Classification number, CALL (RLIN) (NR) 658.406
Local cutter number (OCLC) ; Book number/undivided call number, CALL (RLIN) TAN
100 1# - MAIN ENTRY--PERSONAL NAME
Personal name Tan, Victor S. L.
9 (RLIN) 6876
245 10 - TITLE STATEMENT
Title Membebaskan minda yang terjajah :
Remainder of title peranan strategik pengurus dalam peningkatan produktiviti organisasi /
Statement of responsibility, etc. Victor S.L. Tan ; diterjemahkan oleh Mohd Zaharin Abdullah
260 ## - PUBLICATION, DISTRIBUTION, ETC.
Place of publication, distribution, etc. Subang Jaya :
Name of publisher, distributor, etc. Pelanduk Publications,
Date of publication, distribution, etc. 2000
300 00 - PHYSICAL DESCRIPTION
Extent 183ms. ;
Dimensions 22cm
650 #0 - SUBJECT ADDED ENTRY--TOPICAL TERM
Topical term or geographic name entry element Organizational change
General subdivision Management
9 (RLIN) 1033
650 #0 - SUBJECT ADDED ENTRY--TOPICAL TERM
Topical term or geographic name entry element Management
Form subdivision Psychological aspects
9 (RLIN) 1223
650 #0 - SUBJECT ADDED ENTRY--TOPICAL TERM
Topical term or geographic name entry element Achievement motivation
9 (RLIN) 1159
650 #0 - SUBJECT ADDED ENTRY--TOPICAL TERM
Topical term or geographic name entry element Executive ability
9 (RLIN) 1222
700 0# - ADDED ENTRY--PERSONAL NAME
Personal name Mohd Zaharin Abdullah
9 (RLIN) 6877
942 ## - ADDED ENTRY ELEMENTS (KOHA)
Source of classification or shelving scheme
Koha item type Book
Holdings
Withdrawn status Lost status Source of classification or shelving scheme Damaged status Not for loan Collection code Home library Current library Shelving location Date acquired Inventory number Total Checkouts Full call number Barcode Date last seen Price effective from Koha item type
          NON-FICTION AKMAL Melaka AKMAL Melaka PINJAMAN 22.05.2017 601965   658.406 TAN 201704392 22.05.2017 22.05.2017 Book
          NON-FICTION AKMAL Melaka AKMAL Melaka PINJAMAN 22.05.2017 601966   658.406 TAN 201704394 22.05.2017 22.05.2017 Book
Pusat Sumber Maklumat Dato' Haji Sarmin Md Hussin, Akademi Kastam Diraja Malaysia, Melaka
Tel: 06-2331106 | Faks: 06-2313787